Базар медіа в Україні 31 липня №30 (Record no. 206940)

MARC details
001 - Ідентифікатор запису
Ідентифікатор запису 206940
101 ## - Мова
Мова українська
102 ## - Країна публікації/виробництва
Країна Україна
200 ## - Назва
Назва Базар медіа в Україні 31 липня №30
210 ## - Місце та час видання
Дата видання 2025
942 ## - Додаткові дані (Коха)
Тип одиниці Газети
000 -Маркер запису
Маркер (контрольне поле довжиною 24 байти) 00345nam 22001453 4500
005 - Ідентифікатор версії
Ідентифікатор версії 20250826105920.0
100 ## - Дані загальної обробки
Дані загальної обробки 20250826 ukry50
801 ## - Джерело походження запису
Код бібліографічного формату unimarc
Країна Україна
Правила каталогізації psbo
Holdings
Джерельне місце зберігання Поточне місце зберігання чи видачі Тип одиниці (рівень примірника) <br/>&nbsp; Штрих-код Джерело класифікації чи схема поличного розташування Дата внесення в Коха Стан списання <br/>&nbsp;<br/>&nbsp; Стан обігу (не для випожичання) Стан пошкодження Стан втрати/відсутності Дата, коли останній раз бачено примірник Дата останнього редагування примірника
Читальний зал Читальний зал Газети 2025/30Баз Універсальна десяткова класифікація (УДК) 26/08/2025         26/08/2025 2025-08-26 10:59:40

Powered by Koha